| 000 | 00468nam a22001217a 4500 | ||
|---|---|---|---|
| 008 | 230606b xxu||||| |||| 00| 0 eng d | ||
| 020 | _a9789966190000 | ||
| 082 |
_a342.6762 _bCPST |
||
| 245 |
_aThe Constitution, Parliament and Governance Systems _bA Manual Of The Centre For Parliamentary Studies And Training _c Center For Parliamentary Studies And Training |
||
| 260 |
_aNairobi _b Centre For Parliamentary Studies And Training _c2015 |
||
| 300 | _a278 p | ||
| 942 |
_2ddc _cBK |
||
| 999 |
_c568 _d568 |
||